000 01438nam a22003857a 4500
003 CHAP
005 20220817044112.0
008 060523d2006 mx r 00110 spa d
010 _a92223
011 _a93195
035 _a103767
040 _cCHAP
090 _aTesis
100 1 _aReyes Valdovinos, José Rogelio.
_997008
245 1 0 _aSistema de cubicación para Eucalyptus grandis y E. urophylla en los límites de Veracruz y Oaxaca.
_c/por José Rogelio Reyes Valdovinos
260 _aChapingo, Méx. :
_bEl autor,
_c2006.
300 _a67 h. :
_bgráfs.; cuadros, mapas.
502 _aTesis (Ing. Forestal) - - UACH. Divisón de Ciencias Forestales
590 _aALEPH
_b10
_c20130110
_lUCH01
_h1511
590 _aBATCH-UPD
_b10
_c20130110
_lUCH01
_h0339
590 _aBATCH-UPD
_b10
_c20130110
_lUCH01
_h1746
590 _aBATCH-UPD
_b10
_c20130410
_lUCH01
_h0012
590 _aBATCH-UPD
_b10
_c20130410
_lUCH01
_h1604
590 _aBATCH-UPD
_b10
_c20130914
_lUCH01
_h1333
590 _aCONVERSION
_b10
_c20130109
_lUCH01
_h1351
650 1 4 _aEucalipto.
650 1 4 _aMadera
_xCubicación.
_969599
650 1 4 _aProductos forestales
_xOaxaca.
_992099
650 1 4 _aProductos forestales
_xVeracruz
_cProductos forestales
_992111
901 _aBK
905 _aElisama A. H.
942 _cFOLL
949 _atesis
_bBC
_cTES
_d00000000103767
_eTS1
_h45136
_i103767
_sb
949 _atesis
_bBC
_cTES
_d33724000871208
_eTS2
_fc.2
_h45137
_i103767
_si
999 _c92223
_d92223